The Bluestone holiday complex judgment: its implications for national parks and local plans (Record no. 74801)

MARC details
000 -LEADER
fixed length control field 02296cab a2200253 4500
001 - CONTROL NUMBER
control field ABS68761
008 - FIXED-LENGTH DATA ELEMENTS--GENERAL INFORMATION
fixed length control field 050215n2005 000 0 eng u
035 ## - SYSTEM CONTROL NUMBER
System control number (Sirsi) u128808
245 #4 - TITLE STATEMENT
Title The Bluestone holiday complex judgment: its implications for national parks and local plans
260 ## - PUBLICATION, DISTRIBUTION, ETC.
Date of publication, distribution, etc. 2005
490 ## - SERIES STATEMENT
Series statement Planning (for the Natural and Built Environment)
Volume/sequential designation (1605) 4 February 2005, 18(1)
490 ## - SERIES STATEMENT
Series statement Green Places
Volume/sequential designation (12) February 2005, 16-17(2)
520 ## - SUMMARY, ETC.
Summary, etc. Pembrokeshire Coast National Park Authority's controversial decision to grant planning permission for the Bluestone holiday village near Narberth was upheld by the HC in late December 2004 ([2004] EWHC 2907 (Admin), Abs68760). In "Park ruling sets precedent" Mark Harnett analyses this judgment, which allows the first major development of its kind in a national park, sets a dangerous precedent and seriously undermines the protection of national parks. The main thrust of the legal challenge brought by the Council of National Parks (CNP) against the authority's decision was that it had failed to comply with the Town and Country Planning Act 1990 s54A (now enshrined in the Planning and Compulsory Planning Act 2004 s38(6)). The park authority's local plan stipulated that major development would only be permitted in exceptional circumstances where public interest is served and where there is an overriding national need. The judge ruled that the local economic case remained a valid consideration, which could as such form the basis for approval of the scheme. Concludes that this case is of general importance as it calls into question the authority of the wording of development plan policies. The CNP is seeking permission to challenge the decision in the CA. The "Green Places" article showcases contrasting viewpoints on the case from a CNP representative, a tourism expert and Bluestone the developer.
590 ## - LOCAL NOTE (RLIN)
Local note ABS
650 ## - SUBJECT ADDED ENTRY--TOPICAL TERM
Topical term or geographic name entry element HOLIDAY VILLAGES
650 ## - SUBJECT ADDED ENTRY--TOPICAL TERM
Topical term or geographic name entry element PLANNING PERMISSION
650 ## - SUBJECT ADDED ENTRY--TOPICAL TERM
Topical term or geographic name entry element COUNCIL FOR NATIONAL PARKS LTD V PEMBROKE COAST NATIONAL PARK AUTHORITY AND OTHERS
650 ## - SUBJECT ADDED ENTRY--TOPICAL TERM
Topical term or geographic name entry element TOWN AND COUNTRY PLANNING ACT 1990 S54(A)
650 ## - SUBJECT ADDED ENTRY--TOPICAL TERM
Topical term or geographic name entry element PLANNING AND COMPULSORY PURCHASE ACT 2004 S38(6)
650 ## - SUBJECT ADDED ENTRY--TOPICAL TERM
Topical term or geographic name entry element LEISURE AND RECREATION
690 ## - LOCAL SUBJECT ADDED ENTRY--TOPICAL TERM (OCLC, RLIN)
Topical term or geographic name as entry element PLANNING
700 ## - ADDED ENTRY--PERSONAL NAME
Personal name Harnet, M.
942 ## - ADDED ENTRY ELEMENTS (KOHA)
Suppress in OPAC 0
Holdings
Withdrawn status Lost status Source of classification or shelving scheme Damaged status Not for loan Home library Current library Shelving location Date acquired Total Checkouts Full call number Barcode Date last seen Copy number Price effective from Koha item type
    Dewey Decimal Classification     London London Journal article 15/02/2005   ABS68761 128808-1001 06/08/2019 1 06/08/2019 Journal article